| 000 | 00575cab a2200205 4500 | ||
|---|---|---|---|
| 001 | ABS54868 | ||
| 008 | 090401t1996 xxu||||| |||| 00| 0 eng d | ||
| 035 | _a(Sirsi) u12653 | ||
| 041 | _aeng | ||
| 245 | _aCost model: theatres | ||
| 260 | _c1996 | ||
| 350 | _a0 | ||
| 490 |
_aBuilding Services _v18(5) May 1996, 16-17(2) |
||
| 520 | _aBuilding cost data, with prices per square metre, for constructing a theate. | ||
| 650 | _aBUILT ENVIRONMENT-BUILDING COSTS | ||
| 650 | _aTHEATRES | ||
| 690 | _aBUILT ENVIRONMENT-BUILDING COSTS | ||
| 942 | _n0 | ||
| 948 | _c04/03/1997 | ||
| 999 |
_c8093 _d8093 |
||